Understanding solid state electronics. Vol.2 (Record no. 213603)

MARC details
000 -LEADER
fixed length control field 00364nam a2200145Ia 4500
008 - FIXED-LENGTH DATA ELEMENTS--GENERAL INFORMATION
fixed length control field 210719s1985 xx 000 0 und d
041 ## - LANGUAGE CODE
Language code of text/sound track or separate title eng
082 ## - DEWEY DECIMAL CLASSIFICATION NUMBER
Classification number 621.3813 CANU
100 ## - MAIN ENTRY--PERSONAL NAME
Personal name CANNON (Don L)
245 ## - TITLE STATEMENT
Title Understanding solid state electronics. Vol.2
260 ## - PUBLICATION, DISTRIBUTION, ETC.
Place of publication, distribution, etc. Texas
Name of publisher, distributor, etc. Radio Shack
Date of publication, distribution, etc. 1985
300 ## - PHYSICAL DESCRIPTION
Extent QA1
Other physical details PB
365 ## - TRADE PRICE
Currency code Rs
650 ## - SUBJECT ADDED ENTRY--TOPICAL TERM
Topical term or geographic name entry element Electronics
Holdings
Withdrawn status Lost status Damaged status Not for loan Collection code Home library Current library Date acquired Total Checkouts Full call number Barcode Date last seen Price effective from Koha item type
          St Aloysius Library St Aloysius Library 05/17/2002   621.3813 CANU D02143 07/19/2021 07/19/2021 Donated Books